| 000 | 00526nam a22001817a 4500 | ||
|---|---|---|---|
| 003 | OSt | ||
| 005 | 20160526142848.0 | ||
| 008 | 160526b xxu||||| |||| 00| 0 eng d | ||
| 020 | _a9780443102189 | ||
| 040 | _cDLMN. | ||
| 082 | _aQV4C34m 2007. | ||
| 100 |
_aChaitow,Leon;Fritz,Sandy. _98985 |
||
| 245 | _aA Massage Therapist's gouide to lower back and pelvic Pain. | ||
| 260 |
_aNew York.,London; _bChurchill,Livingstone. _c2007. |
||
| 504 | _aIncludes index and Glossary. | ||
| 650 |
_aPharmacy. _98986 |
||
| 942 |
_2z _cO_SHELF |
||
| 999 |
_c4169 _d4169 |
||